Guess the Countries in each category - Statistics

General Stats
  • This quiz has been taken 32 times
  • The average score is 40 of 45
Answer Stats
Question Tile Select % Correct
All Countries in Europe Yes
100%
All Countries in Europe No
100%
All Countries in Europe No
100%
All Countries in Europe No
100%
All Countries in Europe No
100%
All Countries in Europe Yes
96%
Countries in Africa No
96%
Countries in Africa No
96%
Countries in Africa No
96%
Countries in Africa No
96%
Countries in Africa No
96%
Countries in Africa No
96%
All Countries that have red Yes
96%
All Countries that have red No
96%
All Countries that have red Yes
96%
All Countries that have red Yes
96%
All Countries that have red Yes
96%
All Countries that have red No
96%
All Countries in Europe No
93%
All Countries in Europe Yes
93%
Countries in Asia No
93%
Countries in Asia No
93%
Countries in Asia Yes
93%
All Countries that have red Yes
93%
Countries in Asia No
89%
Countries in Asia No
89%
Countries in Oceania No
89%
Countries in Oceania No
89%
Countries in Oceania No
89%
Countries in Oceania No
89%
Countries in Oceania No
89%
Countries in Oceania No
89%
All Countries that have red Yes
89%
Countries in Asia No
85%
Countries in Oceania No
85%
All Countries in Europe Yes
81%
Countries in Africa Yes
81%
All Countries that have red Yes
81%
Countries in Asia No
78%
Countries in Africa No
70%
Countries in Oceania Yes
70%
Countries in Oceania Yes
63%
Countries in Africa Yes
59%
Countries in Asia No
56%
Countries in Asia Yes
33%
No matching quizzes found
Score Distribution
Percent of People with Each Score
Percentile by Number Answered
Your Score History
You have not taken this quiz